00895nam a2200265 a 4500999001500000001000600015003000900021005001700030008004100047020002200088020002200110040002800132082001900160100001700179245007200196260005400268300004100322490003200363504005100395650001600446650002100462650001700483942001200500952011700512 c2470d247010865BD-DhUAP20210130095752.0200225s19901986enka b 001 0 eng d a0140561498 (pbk.) a0140560491 (hard) aDLCcDLCdBD-DhUAPbEng00223a709.54 HAR1 aHarle, J. C.14aThe art and architecture of the Indian subcontinent /cJ. C. Harle. aLondon :bPenguin Books,cc1986 [Reprinted 1990]. a597 pages :billustrations ;c22 cm. 4aThe Pelican history of art. aIncludes bibliography ( p. 537-562) and index. 0aArt, Indic. 0aArt, Sri Lankan. 0aArt, Nepali. 2ddccBK 00102ddc4070aUAPCLbUAPCLcGeneral Stacksd2020-02-25o709.54 HARp3010010865r2020-02-25t1w2020-02-25yBK